000 00365nam a2200157Ia 4500
003 Ost
005 20260225132545.0
008 260225s9999||||xx |||||||||||||| ||und||
040 _cfsic
041 _afre
082 _a440
100 _aUniversité d'alger
_eAuteur
245 0 _aLe developpement economique /
245 0 _cUniversité d'alger
942 _cكتاب
999 _c33803
_d33803